India emerging: the reality checks (Record no. 46630)
[ view plain ]
| 000 -LEADER | |
|---|---|
| fixed length control field | 00628nam a2200169 a 4500 |
| 008 - FIXED-LENGTH DATA ELEMENTS--GENERAL INFORMATION | |
| fixed length control field | 130625s2012 ||||||||||||||||| || u |
| 020 ## - INTERNATIONAL STANDARD BOOK NUMBER | |
| International Standard Book Number | 9788171889525 |
| 050 ## - LIBRARY OF CONGRESS CALL NUMBER | |
| Classification number | HC 435.3 Jha |
| 100 ## - MAIN ENTRY--PERSONAL NAME | |
| Personal name | Jha, Veena |
| 245 10 - TITLE STATEMENT | |
| Title | India emerging: the reality checks |
| Statement of responsibility, etc. | by Veena Jha |
| 260 ## - PUBLICATION, DISTRIBUTION, ETC. | |
| Place of publication, distribution, etc. | Ottawa: |
| Name of publisher, distributor, etc. | Academic Foundation |
| Date of publication, distribution, etc. | 2012 |
| 300 ## - PHYSICAL DESCRIPTION | |
| Extent | 374p.: ill. |
| 500 ## - GENERAL NOTE | |
| General note | Includes Bibliography |
| 650 ## - SUBJECT ADDED ENTRY--TOPICAL TERM | |
| Topical term or geographic name entry element | INDIA--ECONOMIC POLICY--1991- |
| 650 ## - SUBJECT ADDED ENTRY--TOPICAL TERM | |
| Topical term or geographic name entry element | ECONOMIC DEVELOPMENT--INDIA |
| 995 ## - RECOMMENDATION 995 [LOCAL, UNIMARC FRANCE] | |
| -- | CBU-MAIN LIBRARY (Kitwe) |
| -- | 1 |
| -- | AVAILABLE |
| -- | Jun 27, 2013 |
| -- | Main Library Open Access Collection |
| Withdrawn status | Lost status | Source of classification or shelving scheme | Damaged status | Not for loan | Home library | Current library | Shelving location | Date acquired | Total Checkouts | Full call number | Barcode | Date last seen | Price effective from | Koha item type |
|---|---|---|---|---|---|---|---|---|---|---|---|---|---|---|
| CBU-MAIN LIBRARY, KITWE. | CBU-MAIN LIBRARY, KITWE. | 11/30/2022 | HC 435.3 Jha | 744142 | 11/30/2022 | 11/30/2022 | MONOGRAPH |